| 000 | 01158cam a2200325 a 4500 | ||
|---|---|---|---|
| 001 | 3544964 | ||
| 003 | OSt | ||
| 005 | 20140310182836.0 | ||
| 008 | 970911s1998 nyua 000 0 eng | ||
| 010 | _a 97040616 | ||
| 020 | _a0806906553 | ||
| 040 |
_aDLC _cDLC _dDLC |
||
| 050 | 0 | 0 |
_aTT 713 _b.H357 1998 |
| 082 | 0 | 0 |
_aM 646.2044 _bH27 1998 |
| 100 | 1 |
_aHastings, Pamela J. _920757 |
|
| 245 | 1 | 0 |
_aSewing shortcuts : _btips, tricks & techniques / _cHastings, Pamela J. |
| 260 |
_aNew York : _bSterling Publishing Co., Inc. _cc1998. |
||
| 300 |
_a128 p. _bcol. : ill. ; _c26 cm. |
||
| 500 | _a"A Sterling/SIR book." | ||
| 500 | _a"A Sterling/sewing information resources book"--T.p. verso. | ||
| 521 | _aCollege Students | ||
| 526 | _c1210L-1700L | ||
| 541 | _j1 | ||
| 562 | _eFor circulation. 1 copy available in the collection | ||
| 650 | 0 |
_aMachine sewing. _920758 |
|
| 856 | 4 | 2 |
_3Publisher description _uhttp://www.loc.gov/catdir/description/ste022/97040616.html |
| 906 |
_a7 _bcbc _corignew _d1 _eocip _f19 _gy-gencatlg |
||
| 942 |
_2lcc _cBK _kM |
||
| 999 |
_c16752 _d16752 |
||